000
00489nam a2200181Ia 4500
008
090124s9999 xx 000 0 und d
082
_b
6312
_a
104
100
_a
रतनबाई
245
_a
आधुनिक वीण काम
250
_a
1
260
_c
1942
300
_a
110
600
_a
रतनबाई
630
_a
आधुनिक वीण काम
700
_a
रतनबाई
730
_a
आधुनिक वीण काम
942
_c
BOOK
999
_c
120253
_d
120253